Loading...
| Literature - World Literature | 1 | 5 | 0 | 0 | 65 | 56 | 101.17 | 2 | 6 |
| Literature - British Literature | 0 | 5 | 0 | 0 | 50 | 96 | 111.20 | 2 | 5 |
| Literature - European Literature | 0 | 4 | 1 | 0 | 35 | 75 | 108.00 | 2 | 4 |
| Literature - American Literature | 1 | 1 | 0 | 1 | 25 | 68 | 100.00 | 1 | 2 |
| Social Science | 0 | 1 | 0 | 0 | 10 | 138 | 138.00 | 0 | 1 |
| Mythology | 0 | 1 | 0 | 0 | 10 | 70 | 70.00 | 1 | 1 |
| Science - Biology | 0 | 1 | 0 | 1 | 10 | 126 | 126.00 | 0 | 1 |
| History - World History | 0 | 1 | 0 | 1 | 10 | 128 | 128.00 | 1 | 1 |
| Science - Other Science | 0 | 1 | 0 | 0 | 10 | 130 | 130.00 | 0 | 1 |
| Science - Chemistry | 0 | 0 | 2 | 0 | -10 | 0.00 | 0 | 0 |